| 000 | 01505ntm a22002537a 4500 | ||
|---|---|---|---|
| 001 | 9289 | ||
| 003 | BD-RjUL | ||
| 005 | 20230320160333.0 | ||
| 008 | 141110s2013 bg ||||| m||| 00| e ben d | ||
| 035 | _a(BD-RjUL)9334 | ||
| 040 |
_aBD-RjUL _bben _cBD-RjUL _dBD-RjUL |
||
| 041 | _aben | ||
| 082 |
_219 _a792.095492 _bRAB 2013 |
||
| 100 |
_aরহমান, মো. আতাউর _9113865 |
||
| 245 |
_aবাংলাদেশের নাটক : _bবিষয় ও নির্মাণ শৈলী (১৯৭১-২০০০) / _cমো. আতাউর রহমান ; _6তত্ত্বাবধায়ক : মো. শহীদ ইকবাল |
||
| 260 |
_aরাজশাহী : _bনাট্যকলা ও সংগীত বিভাগ, রাজশাহী বিশ্ববিদ্যালয়, _c২০১৩ |
||
| 300 |
_a[৫], ২২৯ পাতা ; _c২৮ সেমি.। |
||
| 502 | _aথিসিস ( পিএইচ.ডি.)--নাট্যকলা ও সঙ্গীত বিভাগ, রাজশাহী বিশ্ববিদ্যালয়,২০১৩ । | ||
| 504 | _aগ্রন্থপঞ্জি সংযুক্ত | ||
| 650 |
_aনাটক _zবাংলাদেশ _9113870 _vইতিহাস _y১৯৭১-২০০০ |
||
| 650 |
_aDrama _zBangladesh _9113871 _vHistory _y1971-2000 |
||
| 700 |
_aইকবাল, মো. শহীদ, তত্ত্বাবধায়ক।. _92101 |
||
| 942 |
_2ddc _cTHE |
||
| 999 |
_c9289 _d9289 |
||